| 000 | 00706nam a22002417a 4500 | ||
|---|---|---|---|
| 003 | UA-OsUOA | ||
| 001 | 75357 | ||
| 007 | ta | ||
| 008 | 20110518b un ||||| |||| 00| 0 ukr d | ||
| 100 | _aДідула Р.Т. | ||
| 090 |
_a82-97 _bД50 |
||
| 942 | _cBK | ||
| 040 |
_aUA-OsUOA _bukr _cUA-OsUOA _dUA-OsUOA |
||
| 245 |
_aВ тишині серця _bнариси, есеї, статті. фрагменти з роману "Час і пора" |
||
| 300 | _a216 с. | ||
| 955 | _a2 | ||
| 041 | _aukr | ||
| 080 | _a82-97 | ||
| 020 | _a978-966-665-504-5 | ||
| 260 |
_aЛьвів _bСполом _c2009 |
||
| 650 | 7 |
_a82 Література. Літературознавство _2UDC |
|
| 999 |
_c361655 _d361655 |
||